000 01359nam a22002897a 4500
999 _c46616
_d46616
001 20265
003 CO-MdFUSB
005 20171101085905.0
008 161011t2011 xxu||||| |||| 00| 0 eng d
020 _a9780800697730
040 _aCO-MdFUSB
_bEspañol
_cCO-MdFUSB
_dCO-MdFUSB
_erda
041 _aeng
082 _224
_aG 225.1
_bR382r
245 1 4 _aThe reliability of the New Testament
_c/ Editado por Robert B. Stewart
_b:Bart D. Ehrman & Daniel B. Wallace in dialogue
264 4 _aMinneapolis, Minnesota:
_b Fortress Press,
_c© 2011
300 _axix, 220 páginas
_c22 cm.
336 _2rdacontent
_atexto
_btxt
337 _2rdamedia
_asin mediación
_bn
338 _2rdacarrier
_avolumen
_bnc
504 _aIncluye índices (páginas. 217-220)
505 0 0 _aLa fiabilidad textual del Nuevo Testamento - Texto y transmisión en el siglo II - La necesidad de una teología de la escritura - ¿Cuál es el texto del Nuevo Testamento? - ¿Quién cambió el texto y por qué? - Evaluación de la estabilidad de los textos transmitidos del Nuevo Testamento y el Pastor de Hermas - La crítica textual y la confianza textual - La cultura de los escribas y la teología de las escrituras
540 _aRústico
630 7 _aBiblia.
_pNuevo Testamento
700 1 _9465
_aStewart, Robert B.
_d1957-
_eeditor
942 _cBK